000 00711nam a2200229 a 4500
005 20240815063750.0
008 031105s1986 es r 000 0 spa d
020 _a8425414628
035 _aUPN01000130713
049 _aCG
050 4 _aRC552 E1.8
_bB3.4
100 1 _aBattegay, Raymond
245 1 3 _aEl hambre como fenómeno patológico /
_cRaymond Battegay ; tr. Diorki.
260 _aBarcelona, Esp. :
_bHerder,
_c1986.
300 _a171 p.
440 0 _aBiblioteca de psicología ;
_v145
534 _pTítulo original:
_tDie hungerkrankheiten
650 4 _aTRASTORNOS DE LA INGESTION
_912829
650 4 _aTRASTORNOS DE LA NUTRICION
_912830
650 2 _aAnorexia nerviosa
_94748
905 _aLibro
999 _c102870
_d102870